W którym województwie leży to miasto? - Statystyki

Ogólne statystyki
  • Ten quiz został rozwiązany 258 razy
  • Średni wynik to 10 z 16
Odpowiedzi na mapie
Odpowiedzi zakodowano w zielono-czerwonej skali na mapie do tego quizu, zgodnie z poniższymi procentami.
 
Statystyki odpowiedzi
Odpowiedź % Poprawnych
Augustów
77%
Malbork
74%
Stargard
72%
Siedlce
68%
Jasło
66%
Mrągowo
64%
Jaworzno
63%
Puławy
62%
Sieradz
60%
Skarżysko-Kamienna
60%
Bolesławiec
59%
Kluczbork
59%
Nowa Sól
57%
Chrzanów
55%
Brodnica
50%
Wągrowiec
50%
Nie znaleziono quizów pasujących do podanych kryteriów
Rozkład punktacji
Procent ludzi z każdym wynikiem
Percentyl według liczby udzielonych odpowiedzi
Twoja historia wyników
Nie rozwiązałeś tego quizu